Университеты мирового класса: стратегии формирования; Вестник науки Сибири; № 1s (16)

Bibliographic Details
Parent link:Вестник науки Сибири: электронный научный журнал/ Томский политехнический университет (ТПУ).— , 2011-.— 2226-0064
№ 1s (16).— 2015.— [С. 7-13]
Main Author: Панькова Н. М. Наталья Михайловна
Corporate Author: Национальный исследовательский Томский политехнический университет (ТПУ) Институт социально-гуманитарных технологий (ИСГТ) Кафедра философии (ФИЛ)
Summary:Заглавие с титульного листа
Актуальность работы обусловлена процессами интеграции российских университетов в мировое образовательное пространство и необходимостью их трансформирования в университеты мирового класса для достижения новых позиций в международных рейтингах университетов. Цель работы: проанализировать основные стратегии реформирования университетов, а также обозначить пути трансформирования российских университетов в университеты мирового уровня, обозначить характеристики оценки университетов в международных рейтингах "Таймс", Академическом рейтинге университетов мира (Шанхайский рейтинг) и Международном рейтинге присутствия и активности университетов в глобальной сети Интернет (Webometrics). В работе был использован метод мониторинга существующих рейтингов университетов, задействован системный подход к оценке критериев отбора, а также метод фокусированного качественного и количественного анализа опыта современных западных и российских университетов. В результате проанализированы достоинства и недостатки основных стратегий трансформирования университетов, таких как модернизация университета, слияние и создание нового университета на примерах российских и иностранных вузов.
Language:Russian
Published: 2015
Series:Гуманитарные науки
Subjects:
Online Access:http://earchive.tpu.ru/handle/11683/16861
Format: Electronic Book Chapter
KOHA link:https://koha.lib.tpu.ru/cgi-bin/koha/opac-detail.pl?biblionumber=543921

MARC

LEADER 00000naa2a2200000 4500
001 543921
005 20241211110604.0
035 |a (RuTPU)RU\TPU\prd\235581 
035 |a RU\TPU\prd\235569 
090 |a 543921 
100 |a 20150430d2015 k y0rusy50 ca 
101 0 |a rus 
102 |a RU 
135 |a drcn ---uucaa 
181 0 |a i  
182 0 |a b 
200 1 |a Университеты мирового класса: стратегии формирования  |f Н. М. Панькова 
203 |a Текст  |c электронный 
215 |a 1 файл (629 Кб) 
225 1 |a Гуманитарные науки 
300 |a Заглавие с титульного листа 
320 |a [Библиогр.: с. 11-12 (20 назв.)] 
330 |a Актуальность работы обусловлена процессами интеграции российских университетов в мировое образовательное пространство и необходимостью их трансформирования в университеты мирового класса для достижения новых позиций в международных рейтингах университетов. Цель работы: проанализировать основные стратегии реформирования университетов, а также обозначить пути трансформирования российских университетов в университеты мирового уровня, обозначить характеристики оценки университетов в международных рейтингах "Таймс", Академическом рейтинге университетов мира (Шанхайский рейтинг) и Международном рейтинге присутствия и активности университетов в глобальной сети Интернет (Webometrics). В работе был использован метод мониторинга существующих рейтингов университетов, задействован системный подход к оценке критериев отбора, а также метод фокусированного качественного и количественного анализа опыта современных западных и российских университетов. В результате проанализированы достоинства и недостатки основных стратегий трансформирования университетов, таких как модернизация университета, слияние и создание нового университета на примерах российских и иностранных вузов. 
337 |a Adobe Reader 
461 1 |0 (RuTPU)RU\TPU\prd\143680  |x 2226-0064  |t Вестник науки Сибири  |o электронный научный журнал  |f Томский политехнический университет (ТПУ)  |d 2011- 
463 1 |0 (RuTPU)RU\TPU\prd\235567  |t № 1s (16)  |v [С. 7-13]  |d 2015 
610 1 |a труды учёных ТПУ 
610 1 |a электронный ресурс 
610 1 |a университеты 
610 1 |a высшее образование 
610 1 |a национальные исследовательские университеты 
610 1 |a рейтинги 
610 1 |a Интернет 
700 1 |a Панькова  |b Н. М.  |g Наталья Михайловна  |f 1975-  |c философ  |c доцент Томского политехнического университета, кандидат философских наук  |y Томск  |3 (RuTPU)RU\TPU\pers\25434  |9 11376 
712 0 2 |a Национальный исследовательский Томский политехнический университет (ТПУ)  |b Институт социально-гуманитарных технологий (ИСГТ)  |b Кафедра философии (ФИЛ)  |3 (RuTPU)RU\TPU\col\18928 
801 1 |a RU  |b 63413507  |c 20090623  |g PSBO 
801 2 |a RU  |b 63413507  |c 20180110  |g PSBO 
856 4 |u http://earchive.tpu.ru/handle/11683/16861 
942 |c BK